00433 a2200169 450000100060000002000060000604000220001210000290003424000170006324500120008030000070009236200090009965000220010894200070013095201090013799900170024664440 a  cAnchieta - Pituba aFerreira, Antonio José10aLaçoslpor10aLaços a990 a1974 4aPoesia brasileira cBK 00104070a91.1b91.1d2023-11-21l0o869.91 L144l LACp18699/PITr2023-11-21 18:32:50w2023-11-21yBK c64440d64440